00325nam a2200121Ia 4500008004100000041001200041082001500053100002000068245004400088260004300132300000800175650002000183231217s9999 xx 000 0 und d aEnglish a671.2 RAM aRamana Rao, T V 0aMetal casting : principles and practice c1996bNew Age InternationalaNew Delhi a294 aMetal,casting,: